00356nam a2200133 a 45000010010000000030011000100080041000210350026000620820014000881000019001022450023001212600061001446500017002050000-9359ELIB.Books110520 1990  a(ELIB.Books)0000-9511 a232 bGre aGreen, Michael aWho is this Jesus? bNashville: A Division Of Thomas Nelson Publishers c1990 aJesus Christ